000 00749nam a2200253Ia 4500
003 OSt
005 20220923230238.0
006 a|||||r|||| 00| 0
007 ta
008 220922b |||||||| |||| 00| 0 hin d
024 _a278,680
037 _cTextual
040 _aARTS
_cARTS
_bhin
041 _2hin
_ahin
082 _aO152,6N19x, L8
100 _aअग्रवाल, भारतभूषण
245 0 _aकवि की दृष्टि
246 _aKavi kī dṛuṣhṭi
260 _c1978
300 _a254पृ.
_ccm.
650 _aहिन्दी साहित्य
_9156264
942 _hO152,6N19x, L8
_cTEXL
_2CC
999 _c383471
_d383471